personnages harry potter en image - Statistiques

Statistiques générales
  • Ce quiz a été pris 240 fois
  • Le résultat moyen est 11 sur 12
Statistiques - réponses
Par images Réponse % Correct
harry potter
100%
hermione granger
99%
ron weasley
99%
drago malefoy
97%
ginny weasley
94%
neville londubat
94%
cedric diggory
93%
cho chang
93%
severus rogue
87%
sirius black
81%
vincent crabbe
80%
voldemort
73%
Aucun quiz correspondant
Distribution des résultats
% des personnes avec chaque résultat
Percentile par nombre de réponses
Votre historique - résultats
Vous n’avez pas pris ce quiz